Nineteenth century thought: the discovery of change
Salvato in:
| Autore principale: | |
|---|---|
| Natura: | Libro |
| Lingua: | inglese |
| Pubblicazione: |
Englewood Cliffs
Prentice-Hall
1965
|
| Soggetti: | |
| Tags: |
Aggiungi Tag
Nessun Tag, puoi essere il primo ad aggiungerne!!
|
MARC
| LEADER | 00000cam a2200000 a 4500 | ||
|---|---|---|---|
| 001 | UCI4878 | ||
| 003 | CL-VaPUC | ||
| 008 | 080307e19650000us |||||||||||||||||eng|d | ||
| 082 | 0 | 4 | |a 303.44 |b SCH |2 21 |
| 100 | 0 | |a Schoenwald, Richard L |e author |9 526953 | |
| 245 | 1 | 0 | |a Nineteenth century thought: the discovery of change |
| 300 | |a 184 p | ||
| 942 | |c BK | ||
| 945 | |d 20080307 00:00:00 |a rbrito | ||
| 260 | |a Englewood Cliffs |b Prentice-Hall |c 1965 | ||
| 500 | |a Donación padres capuchinos | ||
| 650 | 7 | |a CAMBIO SOCIAL SIGLO 19 |2 CL-VaPUC |9 526954 | |
| 650 | 0 | |a Desarrollo económico |9 259599 | |
| 650 | 7 | |a ETOLOGIA |2 CL-VaPUC |9 269657 | |
| 650 | 0 | |a Alienación |9 313050 | |
| 650 | 0 | |a Política económica |9 255029 | |
| 583 | |a last modification |c 20150424 04:38:46 |k Rodrigo Vera | ||
| 999 | |c 328725 |d 328723 | ||
| 952 | |0 0 |1 0 |4 0 |6 303_440000000000000_SCH_1965 |7 0 |8 X |9 412797 |a FDOBUD |b FDOBUD |d 2019-11-22 |i 4407903 |o 303.44 SCH 1965 |p 4407903 |r 2019-11-22 |w 2019-11-22 |y BK_X |k BUD | ||